MARC-Details
| 000 -LEADER |
| fixed length control field |
01908pam a2200553 cc4500 |
| 001 - CONTROL NUMBER |
| control field |
1270356178 |
| 003 - CONTROL NUMBER IDENTIFIER |
| control field |
DE-101 |
| 005 - DATE AND TIME OF LATEST TRANSACTION |
| control field |
20251202143903.0 |
| 007 - PHYSICAL DESCRIPTION FIXED FIELD--GENERAL INFORMATION |
| fixed length control field |
tu |
| 008 - FIXED-LENGTH DATA ELEMENTS--GENERAL INFORMATION |
| fixed length control field |
221015s2023 gw ||||| |||| 00||||ger |
| 015 ## - NATIONAL BIBLIOGRAPHY NUMBER |
| National bibliography number |
23,A17 |
| Canceled/invalid national bibliography number |
22,N42 |
| Source |
dnb |
| 016 7# - NATIONAL BIBLIOGRAPHIC AGENCY CONTROL NUMBER |
| Source |
DE-101 |
| Record control number |
1270356178 |
| 020 ## - INTERNATIONAL STANDARD BOOK NUMBER |
| International Standard Book Number |
9783753913551 |
| Terms of availability |
Broschur : EUR 16.00 (DE), EUR 16.40 (AT) |
| 020 ## - INTERNATIONAL STANDARD BOOK NUMBER |
| International Standard Book Number |
3753913553 |
| 024 3# - OTHER STANDARD IDENTIFIER |
| Standard number or code |
9783753913551 |
| 035 ## - SYSTEM CONTROL NUMBER |
| System control number |
(DE-599)DNB1270356178 |
| 035 ## - SYSTEM CONTROL NUMBER |
| System control number |
(OCoLC)1376510690 |
| 040 ## - CATALOGING SOURCE |
| Original cataloging agency |
1245 |
| Language of cataloging |
ger |
| Transcribing agency |
DE-101 |
| Modifying agency |
9999 |
| Description conventions |
rda |
| 041 ## - LANGUAGE CODE |
| Language code of text/sound track or separate title |
ger |
| Language code of original |
kor |
| 044 ## - COUNTRY OF PUBLISHING/PRODUCING ENTITY CODE |
| ISO country code |
XA-DE-HH |
| 082 74 - DEWEY DECIMAL CLASSIFICATION NUMBER |
| Classification number |
741.5 |
| Assigning agency |
DE-101 |
| Edition number |
23sdnb |
| 100 1# - MAIN ENTRY--PERSONAL NAME |
| Authority record control number or standard number |
(DE-588)1283032449 |
| -- |
https://d-nb.info/gnd/1283032449 |
| -- |
(DE-101)1283032449 |
| Personal name |
Choe, Jong hun |
| Relator term |
Verfasser |
| Relationship |
aut |
| Source of heading or term |
gnd |
| 245 10 - TITLE STATEMENT |
| Title |
Navillera |
| Number of part/section of a work |
1 |
| Statement of responsibility, etc. |
Artwork: Jimmy ; Story: HUN ; aus dem Koreanischen von Elisabeth Müller |
| 250 ## - EDITION STATEMENT |
| Edition statement |
1. Auflage |
| 264 31 - PRODUCTION, PUBLICATION, DISTRIBUTION, MANUFACTURE, AND COPYRIGHT NOTICE |
| Place of production, publication, distribution, manufacture |
Hamburg |
| Name of producer, publisher, distributor, manufacturer |
Altraverse GmbH |
| Date of production, publication, distribution, manufacture, or copyright notice |
2023 |
| 300 ## - PHYSICAL DESCRIPTION |
| Extent |
273 Seiten |
| 336 ## - CONTENT TYPE |
| Content type term |
Text |
| Content type code |
txt |
| Source |
rdacontent |
| 336 ## - CONTENT TYPE |
| Content type term |
unbewegtes Bild |
| Content type code |
sti |
| Source |
rdacontent |
| 337 ## - MEDIA TYPE |
| Media type term |
ohne Hilfsmittel zu benutzen |
| Media type code |
n |
| Source |
rdamedia |
| 338 ## - CARRIER TYPE |
| Carrier type term |
Band |
| Carrier type code |
nc |
| Source |
rdacarrier |
| 653 ## - INDEX TERM--UNCONTROLLED |
| Uncontrolled term |
(Produktform)Paperback / softback |
| 653 ## - INDEX TERM--UNCONTROLLED |
| Uncontrolled term |
(Zielgruppe)Junge Erwachsene |
| 653 ## - INDEX TERM--UNCONTROLLED |
| Uncontrolled term |
(Lesealter)ab 16 Jahre |
| 653 ## - INDEX TERM--UNCONTROLLED |
| Uncontrolled term |
(Zielgruppe)ab 16 Jahre |
| 653 ## - INDEX TERM--UNCONTROLLED |
| Uncontrolled term |
Ballett |
| 653 ## - INDEX TERM--UNCONTROLLED |
| Uncontrolled term |
Josei |
| 653 ## - INDEX TERM--UNCONTROLLED |
| Uncontrolled term |
Slice of Life |
| 653 ## - INDEX TERM--UNCONTROLLED |
| Uncontrolled term |
Sterblichkeit |
| 653 ## - INDEX TERM--UNCONTROLLED |
| Uncontrolled term |
Tanzen |
| 653 ## - INDEX TERM--UNCONTROLLED |
| Uncontrolled term |
Schüler-Mentor |
| 653 ## - INDEX TERM--UNCONTROLLED |
| Uncontrolled term |
Lebenstraum |
| 653 ## - INDEX TERM--UNCONTROLLED |
| Uncontrolled term |
Webtoon |
| 653 ## - INDEX TERM--UNCONTROLLED |
| Uncontrolled term |
(VLB-WN)1182: Hardcover, Softcover / Belletristik/Comic, Cartoon, Humor, Satire/Manga, Manhwa |
| 655 #7 - INDEX TERM--GENRE/FORM |
| Authority record control number or standard number |
(DE-588)4010427-8 |
| -- |
https://d-nb.info/gnd/4010427-8 |
| -- |
(DE-101)040104273 |
| Genre/form data or focus term |
Comic |
| Source of term |
gnd-content |
| 773 08 - HOST ITEM ENTRY |
| Enumeration and first page |
11 |
| Record control number |
(DE-101)1283033941 |
| 856 42 - ELECTRONIC LOCATION AND ACCESS |
| Contact for access assistance |
B:DE-101 |
| Electronic format type |
application/pdf |
| Uniform Resource Identifier |
<a href="https://d-nb.info/1270356178/04">https://d-nb.info/1270356178/04</a> |
| Materials specified |
Inhaltsverzeichnis |
| 942 ## - ADDED ENTRY ELEMENTS (KOHA) |
| Source of classification or shelving scheme |
Dewey Decimal Classification |
| Koha item type |
Manga |
| Suppress in OPAC |
No |